000 00285nam a2200133Ia 4500
100 _aGovt. of India
650 _aGeneral
942 _cBK
654 _aact
245 _aBanking regulation act 49
260 _bMinistry of laws
_aNew Delhi
_c1981
300 _a90
546 _aENGLISH
999 _c32917
_d32917